| 000 | 00462nam a22001817a 4500 | ||
|---|---|---|---|
| 003 | CEME | ||
| 005 | 20210628205719.0 | ||
| 008 | 210316b xxu||||| |||| 00| 0 eng d | ||
| 020 | _a2-88449-238-0 | ||
| 040 | _c. | ||
| 082 | _a541.361 KAN | ||
| 100 |
_aKanury, A. Murty _976783 |
||
| 245 | _aIntroduction to combustion phenomena | ||
| 260 |
_aAUSTRALIA _bGORDON & BEACH PUBLISHER _c1995 |
||
| 300 | _a411P | ||
| 650 |
_aCOMBUSTION _944286 |
||
| 942 |
_cBK _2ddc |
||
| 999 |
_c582112 _d582112 |
||